000 00871nac a22003017a 4500
001 BR9904050
003 BR-BrBNA
005 20240105122301.0
008 230509b bl.|||m| |||| 00| 0 por d
040 _aBR-BrBNA
_bpor
_cBiblioteca Nacional de Agricultura
072 _aE71
090 _a2120 BR9904050
100 1 _aPereira, N.
100 1 _aGallo, N.B.
100 1 _aAbreu, P.F. de
110 1 _aMinisterio da Agricultura e do Abastecimento, Brasilia, DF (Brasil)
_96726
245 1 _aInforme estatistico do cafe, agosto 1999
260 3 _aBrasilia, DF (Brasil):
_c1999.
300 _a31 p.
490 _aInforme Estatistico do Cafe (Brazil)
_vv. 3(8)
_x
500 _aNumerical data
650 _aCafe
650 _aCotacao
650 _aPreco
650 _aExportacao
909 _a202312
_bLúcia Elande
_c55
_dLúcia Elande
942 _2AGRIS
_n0
_cMS
999 _c290203
_d290203